000 00776nam a22002177a 4500
999 _c20392
_d20392
005 20190226163828.0
008 190226b xxu||||| |||| 00| 0 spa d
040 _aCO-BoIAVH
_cCO-BoIAVH
041 _aspa
044 _amx
090 _aFG
_b0296
100 _aGuadalupe Cornejo-Tenorio
245 _aGuía de plantas:
_bReserva de la biosfera, mariposa monarca
260 _aMexico:
_bComisión Nacional de Áreas Naturales Protegidas.(CONANP),
_c2016.
300 _aplegable
_c21-10cm
490 _aSerie de Guías de campo, reserva de la biosfera mariposa monarca, México natura,(IIES-MBF-UMSNH-CONABIO-CONANP.
650 0 _aPlantas
650 0 _aDescripción
_vEspecies
700 _aGuillermo Ibarra-Manriquez
942 _2z
_cFolleto